Preparacion y empleo del hormigón / (Registro nro. 107752)

Detalles MARC
000 -LEADER
fixed length control field 00593cam a2200205 4500
008 - FIXED-LENGTH DATA ELEMENTS--GENERAL INFORMATION
fixed length control field 1976 a spa
020 ## - INTERNATIONAL STANDARD BOOK NUMBER
International Standard Book Number 84-252-0879-3
050 #4 - LIBRARY OF CONGRESS CALL NUMBER
Classification number TA439
Item number M34 1976
100 1# - MAIN ENTRY--PERSONAL NAME
Personal name Mangel, Siegfried
245 #0 - TITLE STATEMENT
Title Preparacion y empleo del hormigón /
Statement of responsibility, etc Siegfried Mangel, Reinhard Seeling.
260 ## - PUBLICATION, DISTRIBUTION, ETC. (IMPRINT)
Place of publication, distribution, etc Barcelona :
Name of publisher, distributor, etc Gustavo Gili,
Date of publication, distribution, etc 1976
300 ## - PHYSICAL DESCRIPTION
Extent x, 175 p. ;
Dimensions 24 cm.
500 ## - GENERAL NOTE
General note 1 ejemplar
504 ## - BIBLIOGRAPHY, ETC. NOTE
Bibliography, etc Bibliografia : p. 167-175
650 #4 - SUBJECT ADDED ENTRY--TOPICAL TERM
Topical term or geographic name as entry element Concreto
700 1# - ADDED ENTRY--PERSONAL NAME
Personal name Seeling, Reinhard,
Relator term coaut.
942 ## - ADDED ENTRY ELEMENTS (KOHA)
Source of classification or shelving scheme Biblioteca del Cogreso de los Estados Unidos
Koha item type Libro

No hay ítems disponibles.